| 000 | 00998nam a2200241 a 4500 | ||
|---|---|---|---|
| 001 | 79216 | ||
| 003 | BD-RjUL | ||
| 005 | 20220119113124.0 | ||
| 008 | 220119s2020 bg ||||| |||| 00| 0 ben d | ||
| 020 |
_a978984864787 _c:Tk.750.00 |
||
| 035 | _a(BD-RjUL)79216 | ||
| 040 |
_aBD-RjUL _beng _cBD-RjUL |
||
| 041 | _aben | ||
| 082 |
_223 _a954.9205092 _bBNG 2020 |
||
| 245 | 0 | 0 |
_aবঙ্গবন্ধুর নির্বাচিত ১০০ ভাষণ / _cসম্পাদক মহিউদ্দিন আহমেদ খান |
| 250 | _a২য় সং. | ||
| 260 |
_aঢাকা : _bমুক্তদেশ প্রকাশন, _c২০২০ |
||
| 300 |
_a৪৪৮ পৃ.: _bচিত্রসমূহ; _c২৪ সেমি. |
||
| 600 |
_aমুজিবুর রহমান, _cশেখ, _d১৯২০-১৯৭৫ |
||
| 600 |
_aMujibur Rahman, _cSheikh, _d1920-1975 |
||
| 700 |
_aখান, মহিউদ্দিন আহমেদ _9802 |
||
| 942 |
_2ddc _cBK |
||
| 999 |
_c79216 _d79216 |
||